00805cas a22002537a 450000500170000000800410001701000100005801100100006802200140007803500100009224500170010226000520011930000070017131000220017836200190020065000480021986600420026786600420030986600430035186600430039486600430043786600420048086600290052220220329142035.0990412c1984 nl zr p rnn 0 u0b1eng d a77454 a784260 a1387-3946 a8835600aPig Progress0 aDoetinchem, The Netherlands :bElsevier,c1984- av. a10 nos. por año1 av.15 n.1, 199914aGanado porcinoxPublicaciones periódicas. av. 15 n. 1 (1999) - v. 21 n. 9 (2005) av. 22 n. 1 (2006) - v. 22 n. 3 (2006) av. 22 n. 5 (2006) - v. 22 n. 10 (2006) av. 23 n. 1 (2007) - v. 23 n. 10 (2007) av. 25 n. 1 (2009) - v. 25 n. 10 (2009) av. 26 n. 4 (2010) - v. 26 n. 6 (2010) av.14 n.1-3,5-10 - (1998)